| 000 | 00464nam a2200181Ia 4500 | ||
|---|---|---|---|
| 001 | 1929 | ||
| 005 | 20260306143804.0 | ||
| 008 | 260306t2010||||xx |||||||||||||| ||spa|| | ||
| 041 | _aESP | ||
| 082 |
_a158.1 _bR87A |
||
| 100 |
_aRovira, Álex _eAUT |
||
| 245 | 0 |
_aLa buena crisis: _breinventarse a uno mismo: la revolución de la conciencia |
|
| 260 | _c2010 | ||
| 300 |
_a203 páginas : _c19 cm. |
||
| 650 | _aGEN | ||
| 654 | _aCPS | ||
| 942 |
_cLIB _dJUS _fJUS _2ddc _n |
||
| 999 |
_c1929 _d1929 |
||